000
00253nam a2200121Ia 4500
008
190216s9999||||xx |||||||||||||| ||und||
100
_a
Null
245
0
_a
Hindikurukshethra Mimamsa
260
_b
Null
300
_a
284
650
_a
Hindi
942
_c
BK
999
_c
15618
_d
15618